NHBC Standards 2011 (Record no. 11541)
[ view plain ]
| 000 -LEADER | |
|---|---|
| fixed length control field | 00301nam a2200121Ia 4500 |
| 008 - FIXED-LENGTH DATA ELEMENTS--GENERAL INFORMATION | |
| fixed length control field | 230312s9999||||xx |||||||||||||| ||und|| |
| 082 ## - DEWEY DECIMAL CLASSIFICATION NUMBER | |
| Classification number | 704.942 |
| Item number | NHBC |
| 100 ## - MAIN ENTRY--PERSONAL NAME | |
| Personal name | NHBC |
| 245 #0 - TITLE STATEMENT | |
| Title | NHBC Standards 2011 |
| 260 ## - PUBLICATION, DISTRIBUTION, ETC. | |
| Name of publisher, distributor, etc. | NHBC |
| Place of publication, distribution, etc. | UK |
| Date of publication, distribution, etc. | 2001 |
| 650 ## - SUBJECT ADDED ENTRY--TOPICAL TERM | |
| Topical term or geographic name entry element | Architecture |
| Form subdivision | Architecture/Art & Design |
| 942 ## - ADDED ENTRY ELEMENTS (KOHA) | |
| Koha item type | BOOK |
| Withdrawn status | Lost status | Source of classification or shelving scheme | Damaged status | Not for loan | Home library | Current library | Date acquired | Total Checkouts | Full call number | Barcode | Date last seen | Price effective from | Koha item type |
|---|---|---|---|---|---|---|---|---|---|---|---|---|---|
| Dewey Decimal Classification | Superior Information Resource Center (SIRC) Superior University- Central Library | Superior Information Resource Center (SIRC) Superior University- Central Library | 03/13/2023 | 704.942 NHBC | 11669 | 03/13/2023 | 03/13/2023 | BOOK |
